000 01129nam a2200313 c 4500
001 58853
003 CO-BoRNBP
005 20250828193019.0
007 ta
008 201207s2020 ck abo br 000 0 spa d
020 _a9789585553903
040 _aCO-BoRNBP
_bspa
_erda
_cCO-BoRNBP
041 0 _aspa
082 0 4 _aR 912
_bE68a
_222
110 2 _aEquipo Grupo Cultural
_964193
245 1 0 _aAtlas geográfico universal y de Colombia /
_cEquipo Grupo Cultural.
250 _aEdición especial
264 1 _aBogotá, Colombia :
_bGrupo Distribuidor Latinoamericano,
_c2020
300 _a88, xliv páginas :
_bilustraciones, mapas, fotografías
336 _2rdacontent
_atexto
_btxt
337 _2rdamedia
_asin mediación
_bn
338 _2rdacarrier
_avolumen
_bnc
490 0 _aPlan Nacional de Lectura y Escritura Leer es mi Cuento / Ministerio de Cultura
521 _aRecomendado para un público infantil mayor de 9 años
650 0 7 _aAtlas
_xLiteratura infantil
_zColombia
_2LEMB
_964194
650 0 7 _aMapas
_xLiteratura infantil
_2lemb
_9547
650 0 7 _aGeografia
_xLiteratura infantil
_2LEMB
_9548
942 _2ddc
_cBKINF
999 _c58853
_d58853